Datum a čas kvízu
24.5
Celkem bodů
Celkový počet nahraných bodů na tomto kvízu bez doplňovacích otázek.
12.
Pořadí na kvízu
Konečné umístění týmu na tomto kvízu.
Zaznamenané odpovědi
| # | Otázka | Odpověď | Body | Výsledky |
|---|---|---|---|---|
| 1. | Minulý týden tisk informoval o... | velomobil | 0 | |
| 2. | Americká influencerka Gwyneth... | Robertem Ficem | 1 | |
| 3. | Za název televizní show, jejíž... | Survivor, Rest | 0.5 | |
| 4. | V pátek byla oznámena fúze dvo... | Paramount (Skydance), Warner Bros. (Discovery) | 0.5 | |
| 5. | Armand Duplantis, světový reko... | C | 0 | |
| 6. | Název „Pyrenejský poloostrov“... | Iberský poloostrov | 0 | |
| 7. | Vyberte správné tvrzení týkají... | B | 0 | |
| 8. | Červeně vyznačená oblast na se... | Baskicko, Bilbao | 1 | |
| 9. | Jak se jmenuje portugalský mys... | C | 0 | |
| 10. | Poslední otázka se týká města... | Porto | 1 |